h1

h2

h3

h4

h5
h6
000888738 001__ 888738
000888738 005__ 20260226124448.0
000888738 0247_ $$2ISSN$$a2365-709X
000888738 0247_ $$2SCOPUS$$aSCOPUS:2-s2.0-85108990074
000888738 0247_ $$2WOS$$aWOS:000668589700001
000888738 0247_ $$2doi$$a10.1002/admt.202100293
000888738 0247_ $$2datacite_doi$$a10.18154/RWTH-2023-00775
000888738 037__ $$aRWTH-2023-00775
000888738 041__ $$aEnglish
000888738 082__ $$a600
000888738 1001_ $$00000-0002-1089-3549$$aBettucci, Ottavia$$b0
000888738 245__ $$aConductive Polymer-Based Bioelectronic Platforms toward Sustainable and Biointegrated Devices : A Journey from Skin to Brain across Human Body Interfaces$$honline
000888738 260__ $$aWeinheim$$bWiley$$c2022
000888738 260__ $$c2021
000888738 300__ $$a1-38
000888738 3367_ $$00$$2EndNote$$aJournal Article
000888738 3367_ $$0PUB:(DE-HGF)16$$2PUB:(DE-HGF)$$aJournal Article$$bjournal$$mjournal
000888738 3367_ $$0PUB:(DE-HGF)7$$2PUB:(DE-HGF)$$aContribution to a book
000888738 3367_ $$2BibTeX$$aARTICLE
000888738 3367_ $$2DRIVER$$aarticle
000888738 3367_ $$2DataCite$$aOutput Types/Journal article
000888738 3367_ $$2ORCID$$aJOURNAL_ARTICLE
000888738 500__ $$aFirst published: 01 July 2021
000888738 588__ $$aDataset connected to CrossRef, Journals: publications.rwth-aachen.de
000888738 591__ $$aItaly
000888738 7001_ $$00000-0002-1496-2425$$aMatrone, Giovanni Maria$$b1$$eCorresponding author
000888738 7001_ $$0P:(DE-82)IDM05638$$aSantoro, Francesca$$b2
000888738 770__ $$aSpecial Issue:Green Electronics
000888738 773__ $$0PERI:(DE-600)2850995-X$$a10.1002/admt.202100293$$n2$$p2100293$$tAdvanced Materials Technologies$$v7$$x2365-709X$$y2022
000888738 8564_ $$uhttps://publications.rwth-aachen.de/record/888738/files/888738.pdf$$yOpenAccess
000888738 909CO $$ooai:publications.rwth-aachen.de:888738$$popenaire$$popen_access$$pdriver$$pdnbdelivery
000888738 9141_ $$y2021
000888738 9151_ $$0StatID:(DE-HGF)0031$$2StatID$$aPeer reviewed article$$x0
000888738 915__ $$0StatID:(DE-HGF)0150$$2StatID$$aDBCoverage$$bWeb of Science Core Collection$$d2022-11-26
000888738 915__ $$0StatID:(DE-HGF)0300$$2StatID$$aDBCoverage$$bMedline$$d2022-11-26
000888738 915__ $$0StatID:(DE-HGF)1160$$2StatID$$aDBCoverage$$bCurrent Contents - Engineering, Computing and Technology$$d2022-11-26
000888738 915__ $$0LIC:(DE-HGF)CCBY4$$2HGFVOC$$aCreative Commons Attribution CC BY 4.0
000888738 915__ $$0StatID:(DE-HGF)0600$$2StatID$$aDBCoverage$$bEbsco Academic Search$$d2022-11-26
000888738 915__ $$0StatID:(DE-HGF)0100$$2StatID$$aJCR$$bADV MATER TECHNOL-US : 2021$$d2022-11-26
000888738 915__ $$0StatID:(DE-HGF)9905$$2StatID$$aIF >= 5$$bADV MATER TECHNOL-US : 2021$$d2022-11-26
000888738 915__ $$0StatID:(DE-HGF)3001$$2StatID$$aDEAL Wiley$$d2022-11-26$$wger
000888738 915__ $$0StatID:(DE-HGF)0113$$2StatID$$aWoS$$bScience Citation Index Expanded$$d2022-11-26
000888738 915__ $$0StatID:(DE-HGF)0510$$2StatID$$aOpenAccess
000888738 915__ $$0StatID:(DE-HGF)0030$$2StatID$$aPeer Review$$bASC$$d2022-11-26
000888738 915__ $$0StatID:(DE-HGF)1150$$2StatID$$aDBCoverage$$bCurrent Contents - Physical, Chemical and Earth Sciences$$d2022-11-26
000888738 915__ $$0StatID:(DE-HGF)0160$$2StatID$$aDBCoverage$$bEssential Science Indicators$$d2022-11-26
000888738 915__ $$0StatID:(DE-HGF)0200$$2StatID$$aDBCoverage$$bSCOPUS$$d2022-11-26
000888738 915__ $$0StatID:(DE-HGF)10000$$2StatID$$aHosted Content
000888738 915__ $$0StatID:(DE-HGF)0199$$2StatID$$aDBCoverage$$bClarivate Analytics Master Journal List$$d2022-11-26
000888738 961__ $$c2023-01-23T11:43:04.837158$$x2023-01-23T11:43:04.837158$$z2023-01-25
000888738 9801_ $$aUNRESTRICTED
000888738 9801_ $$aEXTERN4VITA
000888738 9801_ $$aFullTexts
000888738 980__ $$aI:(DE-82)619420_20211203
000888738 980__ $$aUNRESTRICTED
000888738 980__ $$acontb
000888738 980__ $$ajournal